Şirinler - Armageddon - Statistics

General Stats
  • This quiz has been taken 12 times
  • The average score is 11 of 50
Answers on the Grid
Answers color-coded by a green-red scale on the quiz's grid according to % correct below.
Şirin Baba
Şirine
Balerin Şirin
Güçlü Şirin
Bombacı Şirin
Gözlüklü Şirin
Çiçekçi Şirin
Şakacı Şirin
Somurtkan Şirin
Hayalci Şirin
Demirci Şirin
Ninja Şirin
Sakar Şirin
Obur Şirin
Bankacı Şirin
Aşçı Şirin
Süslü Şirin
Hırsız Şirin
Romantik Şirin
Usta Şirin
Korkak Şirin
İzci Şirin
Dalgıç Şirin
Pasaklı Şirin
Müzisyen Şirin
Korsan Şirin
Ressam Şirin
Kurnaz Şirin
Şair Şirin
Palyaço Şirin
Bebek Şirin
Bakkal Şirin
Nat
Çevik Şirin
Uykucu Şirin
Taksici Şirin
Berber Şirin
Büyükbaba Şirin
Çiftçi Şirin
Fotoğrafçı Şirin
Örgülü
Avukat Şirin
Simyacı Şirin
Postacı Şirin
Sihirbaz Şirin
Psikolog Şirin
Aktör Şirin
Mimar Şirin
Astronot Şirin
Fırıncı Şirin
Robot Şirin
Avcı Şirin
Balıkçı Şirin
Duygusal Şirin
Doktor Şirin
Uyuşuk Şirin
Dondurmacı Şirin
Gazeteci Şirin
Aşık Şirin
Memur Şirin
Ekonomist Şirin
Hemşire Şirin
Balıkçı Şirin
Uçan Şirin
Kral Şirin
Futbolcu Şirin
Elektrikçi Şirin
Madenci Şirin
Meraklı Şirin
Yansıma Şirin
Kahveci Şirin
Muhabir Şirin
Üşüyen Şirin
Öğrenci Şirin
Kokuşuk Şirin
Süpürgeci Şirin
Terzi Şirin
Arabacı Şirin
Cılız Şirin
Vahşi Şirin
Hırsız Şirin
Yünlü Şirin
Kampçı Şirin
Casus Şirin
 
Answer Stats
Answer % Correct
Şirin Baba
83%
Gözlüklü Şirin
67%
Obur Şirin
67%
Şirine
67%
Süslü Şirin
67%
Usta Şirin
67%
Aşçı Şirin
50%
Çiftçi Şirin
50%
Güçlü Şirin
50%
Sakar Şirin
50%
Bebek Şirin
33%
Büyükbaba Şirin
33%
Korkak Şirin
33%
Meraklı Şirin
33%
Müzisyen Şirin
33%
Şakacı Şirin
33%
Somurtkan Şirin
33%
Aktör Şirin
17%
Fırıncı Şirin
17%
Mimar Şirin
17%
Muhabir Şirin
17%
Örgülü
17%
Ressam Şirin
17%
Robot Şirin
17%
Şair Şirin
17%
Terzi Şirin
17%
Uçan Şirin
17%
Uykucu Şirin
17%
Uyuşuk Şirin
17%
Vahşi Şirin
17%
Aşık Şirin
0%
Balıkçı Şirin
0%
Casus Şirin
0%
Çevik Şirin
0%
Cılız Şirin
0%
Doktor Şirin
0%
Duygusal Şirin
0%
Ekonomist Şirin
0%
Hayalci Şirin
0%
İzci Şirin
0%
Kokuşuk Şirin
0%
Kral Şirin
0%
Madenci Şirin
0%
Nat
0%
Pasaklı Şirin
0%
Simyacı Şirin
0%
Süpürgeci Şirin
0%
Üşüyen Şirin
0%
Yansıma Şirin
0%
Yünlü Şirin
0%
No matching quizzes found
Score Distribution
Percent of People with Each Score
Percentile by Number Answered
Your Score History
You have not taken this quiz